[Event "Liberec op 17th"]
[Site "Liberec"]
[Date "2017.03.02"]
[Round "7"]
[White "Ovezdurdiyeva, Jemal"]
[Black "Fuchs, Benno"]
[Result "1-0"]
[WhiteElo "2080"]
[BlackElo "1879"]
[PlyCount "85"]
[EventDate "2017.02.25"]
[EventType "swiss"]
[EventRounds "9"]
[EventCountry "CZE"]
[SourceTitle "CBM 177 Extra"]
[Source "ChessBase"]
[SourceDate "2017.04.27"]
[SourceVersion "1"]
[SourceVersionDate "2017.04.27"]
[SourceQuality "1"]

1. d4 Nf6 2. c4 g6 3. Nc3 Bg7 4. e4 d6 5. Nf3 0-0 6. Be2 e5 7. 0-0 Nc6 8. d5 Ne7 9. Ne1 Nd7 10. Be3 f5 11. f3 f4 12. Bf2 g5 13. b4 b6 14. Nd3 Nf6 15. c5 Ng6 16. Rc1 h5 17. cxd6 cxd6 18. Nb5 Rf7 19. a4 Bf8 20. Qc2 g4 21. Nc7 Rb8 22. Ne6 Bxe6 23. dxe6 Rg7 24. b5 gxf3 25. Bxf3 Ng4 26. Qe2 Nh4 27. Nb4 Nxf2 28. Qxf2 Qg5 29. Nd5 Re8 30. Qa2 Kh8 31. Rc3 Qh6 32. Bd1 Rxe6 33. Rh3 f3 34. Rxh4 Qg5 35. Rh3 Qg4 36. Rg3 Qh4 37. Rgxf3 Be7 38. Nxe7 Rexe7 39. Rf8+ Kh7 40. R8f5 Rg5 41. Rf7+ Rxf7 42. Qxf7+ Rg7 43. Qxh5+ 1-0

[Event "Rhein Main op-B 18th"]
[Site "Bad Homburg"]
[Date "2015.06.05"]
[Round "4"]
[White "Fuchs, Benno"]
[Black "Janzen, Andreas"]
[Result "1/2-1/2"]
[WhiteElo "1831"]
[BlackElo "1760"]
[PlyCount "54"]
[EventDate "2015.06.03"]
[EventType "swiss"]
[EventRounds "7"]
[EventCountry "GER"]
[SourceTitle "CBM 167 Extra"]
[Source "ChessBase"]
[SourceDate "2015.09.14"]
[SourceVersion "1"]
[SourceVersionDate "2015.09.14"]
[SourceQuality "1"]

1. e4 d5 2. exd5 Qxd5 3. Nc3 Qd6 4. d4 Nf6 5. g3 c6 6. Bg2 Bf5 7. Bf4 Qe6+ 8. Nge2 Nd5 9. 0-0 Qd7 10. Re1 e6 11. Nxd5 cxd5 12. Nc3 Be7 13. Qe2 Nc6 14. Red1 0-0 15. a3 Na5 16. Re1 Bf6 17. Be5 Bxe5 18. dxe5 Rac8 19. Rec1 a6 20. Nd1 Qc7 21. f4 Nc4 22. c3 Qb6+ 23. Qf2 Qb3 24. Bf1 Be4 25. Bg2 Bf5 26. Bf1 Be4 27. Bg2 Bf5 1/2-1/2

[Event "Arber op 3rd"]
[Site "Bayerisch Eisenstein"]
[Date "2014.08.19"]
[Round "4"]
[White "Fuchs, Benno"]
[Black "Cap, Adam"]
[Result "1/2-1/2"]
[WhiteElo "1790"]
[BlackElo "2080"]
[PlyCount "62"]
[EventDate "2014.08.16"]
[EventType "swiss"]
[EventRounds "9"]
[EventCountry "GER"]
[SourceTitle "CBM 161 Extra"]
[Source "ChessBase"]
[SourceDate "2014.08.29"]
[SourceVersion "1"]
[SourceVersionDate "2014.08.29"]
[SourceQuality "1"]

1. e4 e5 2. Nf3 Nc6 3. Bc4 Nf6 4. Ng5 d5 5. exd5 Nd4 6. c3 b5 7. Bf1 Nxd5 8. Ne4 Ne6 9. Bxb5+ Bd7 10. Bxd7+ Qxd7 11. d4 exd4 12. cxd4 Bb4+ 13. Nec3 0-0 14. 0-0 Rad8 15. Nxd5 Qxd5 16. Nc3 Qc4 17. Be3 Nxd4 18. Bxd4 c5 19. Qe2 Qxe2 20. Nxe2 cxd4 21. Rfd1 d3 22. Nc3 d2 23. Kf1 Rd7 24. a3 Bxc3 25. bxc3 Rc8 26. Ke2 Re8+ 27. Kf1 Rd3 28. c4 Kf8 29. Ra2 Rc8 30. Rdxd2 Rxd2 31. Rxd2 Rxc4 1/2-1/2

[Event "Arber op 3rd"]
[Site "Bayerisch Eisenstein"]
[Date "2014.08.18"]
[Round "3"]
[White "Weiland, Thomas"]
[Black "Fuchs, Benno"]
[Result "0-1"]
[WhiteElo "1889"]
[BlackElo "1790"]
[PlyCount "64"]
[EventDate "2014.08.16"]
[EventType "swiss"]
[EventRounds "9"]
[EventCountry "GER"]
[SourceTitle "CBM 161 Extra"]
[Source "ChessBase"]
[SourceDate "2014.08.29"]
[SourceVersion "1"]
[SourceVersionDate "2014.08.29"]
[SourceQuality "1"]

1. e4 d6 2. d4 Nf6 3. Bd3 g6 4. c3 Bg7 5. Bg5 h6 6. Bd2 0-0 7. Ne2 c5 8. f3 Nc6 9. Na3 a6 10. Nc2 b5 11. Ne3 Qb6 12. d5 Ne5 13. Bc2 e6 14. dxe6 Bxe6 15. Nf4 Kh7 16. Qc1 Rad8 17. 0-0 d5 18. Nxe6 Qxe6 19. f4 Neg4 20. f5 Qd6 21. Nxg4 Nxg4 22. Bf4 Be5 23. h3 Bxf4 24. Rxf4 Nf6 25. fxg6+ fxg6 26. exd5 Qxd5 27. Qf1 Kg7 28. Rd1 Qe5 29. Rxd8 Rxd8 30. Qf2 Re8 31. Kf1 Qe3 32. Rxf6 Qc1+ 0-1

[Event "Deizisau op 7th"]
[Site "Deizisau"]
[Date "2012.10.27"]
[Round "1"]
[White "Sanikidze, Tornike"]
[Black "Fuchs, Benno"]
[Result "1-0"]
[WhiteElo "2580"]
[BlackElo "1894"]
[PlyCount "61"]
[EventDate "2012.10.27"]
[EventType "swiss"]
[EventRounds "7"]
[EventCountry "GER"]
[SourceTitle "EXT 2013"]
[Source "ChessBase"]
[SourceDate "2012.11.22"]
[SourceVersion "1"]
[SourceVersionDate "2012.11.22"]
[SourceQuality "1"]

1. d4 Nf6 2. c4 g6 3. Nc3 Bg7 4. e4 d6 5. Nf3 0-0 6. Be2 e5 7. 0-0 Nc6 8. Be3 Ng4 9. Bg5 f6 10. Bh4 g5 11. Bg3 f5 12. exf5 Bxf5 13. h3 Nh6 14. dxe5 dxe5 15. Qb3 Nf7 16. Qxb7 Nd4 17. Nxd4 exd4 18. Nd5 Be4 19. Bxc7 Bxd5 20. cxd5 Qe7 21. Ba6 Nd6 22. Qc6 Nf7 23. d6 Qf6 24. Rae1 Kh8 25. Re7 Ne5 26. Qe4 Ng6 27. Bb7 d3 28. Bxa8 d2 29. Qe2 Rxa8 30. Re8+ Rxe8 31. Qxe8+ 1-0